| 000 | 01746nam0a2200301 4500 | ||
|---|---|---|---|
| 001 | RU\NLR\BIBL_A\011641646 | ||
| 005 | 20180313141528.0 | ||
| 021 |
_aRU _bКН-П-18-005650 _9КН-П-18-0388 |
||
| 035 | _a(NLR Aleph) 011641646 | ||
| 035 | _a(RuMoRGB)009529821 | ||
| 090 |
_a11082987 _c11082987 |
||
| 100 | _a20180222d2017 u y0rusy50 ca | ||
| 101 | 0 | _arus | |
| 102 | _aRU | ||
| 105 | _a |||j|||000zy | ||
| 200 | 1 |
_aЭксплуатация судовых котельных и паропроизводящих установок _eучебное пособие _fА.И. Епихин _gФедеральное государственное бюджетное образовательное учреждение высшего образования Государственный морской университет имени адмирала Ф.Ф. Ушакова |
|
| 210 |
_aНовороссийск _cРИО ГМУ им. адм. Ф.Ф. Ушакова _d2017 |
||
| 215 |
_a82 с. _cил., табл. _d21 |
||
| 320 | _aБиблиогр.: с. 70 (5 назв.) | ||
| 606 | 1 |
_aСудовые котельные установки _jУчебные издания для высших учебных заведений _xЭксплуатация _92358471 _3RU\NLR\AUTH\6601631029 |
|
| 606 | 1 |
_aСудовые паросиловые установки _jУчебные издания для высших учебных заведений _xЭксплуатация _92358482 _3RU\NLR\AUTH\6601631032 |
|
| 686 | 1 | _aО455.1-082я73-1 | |
| 700 | 1 |
_aЕпихин _bА. И. _gАлексей Иванович |
|
| 942 | _cBOOK | ||
| 980 | _aNBR | ||
| 980 | _aNB | ||